000 00765cam a22002415a 4500
001 010699002
005 20201124141941.0
008 010122s1998 enk fr 001 0 eng d
020 _a0582356938 (v. 1)
020 _a9780582356931 (v. 1)
040 _aUkOxU
_dUk
_dEG-ScBUE
_beng
082 0 4 _a670.427
_222
_bTIM
100 1 _aTimings, R. L.
_q(Roger Leslie),
_d1927-
_94519
245 1 0 _aManufacturing technology /
_cR. L. Timings.
250 _a3rd ed.
260 _aHarlow :
_bPrentice Hall / Pearson Education,
_c1998.
300 _av. 1 :
_bill. ;
_c24 cm.
500 _aIndex : p. 394-402.
650 7 _aManufacturing processes.
_2BUEsh
_94604
650 7 _aTechnological innovations.
_2BUEsh
_919468
653 _bENGGEN
_bGGEN
_cFebruary2018
942 _2ddc
999 _c26111
_d26083